Statistics for Biggest Cities Starting with D by Country

Click here to take the quiz!

General Stats

  • This quiz has been taken 98 times
  • The average score is 23 of 151

Answers on the Map

Answers color-coded by a green-red scale on the quiz's map according to % correct below.
Loading ...
 

Answer Stats

CountryCityPopulation% Correct
United StatesDallas1,343,573
99%
IrelandDublin553,165
96%
IndiaDelhi16,349,831
92%
TanzaniaDar es Salaam4,364,541
89%
BangladeshDhaka6,970,105
89%
SenegalDakar2,646,503
87%
South AfricaDurban2,786,046
87%
GermanyDüsseldorf621,877
86%
United Arab EmiratesDubai2,919,178
82%
SyriaDamascus1,414,913
77%
QatarDoha587,055
72%
KuwaitDoha22,047
72%
DjiboutiDjibouti475,322
71%
AustraliaDarwin118,452
70%
UkraineDnipro990,724
65%
TajikistanDushanbe863,400
63%
FranceDijon156,920
61%
CameroonDouala1,906,962
61%
South KoreaDaegu2,468,222
60%
East TimorDili244,584
54%
Saudi ArabiaDammam903,312
47%
VietnamDa Nang988,561
46%
HungaryDebrecen201,432
46%
AlbaniaDurrës113,249
46%
PhilippinesDavao1,439,598
45%
New ZealandDunedin106,200
45%
ChinaDongguan7,638,600
40%
United KingdomDerby264,654
37%
CroatiaDubrovnik28,434
36%
EcuadorDurán230,839
36%
MexicoDurango599,900
36%
CyprusDáli10,466
33%
TurkeyDiyarbakir1,035,036
29%
NorwayDrammen101,386
23%
LatviaDaugavpils82,046
22%
EthiopiaDire Dawa277,000
20%
NetherlandsDordrecht221,235
19%
PanamaDavid81,957
11%
LuxembourgDifferdange27,409
11%
AustriaDornbirn49,872
11%
BrazilDuque de Caxias921,480
11%
IndonesiaDepok1,738,570
8%
AlgeriaDjelfa265,833
8%
SpainDos Hermanas133,968
8%
CanadaDrummondville68,601
8%
EgyptDamietta289,833
7%
RussiaDzerzhinsk229,000
6%
PolandDąbrowa Górnicza119,373
5%
HaitiDelmas359,451
5%
San MarinoDomagnano3,584
5%
TurkmenistanDasoguz210,000
4%
YemenDhamar146,346
4%
BulgariaDobrich82,240
4%
RomaniaDrobeta-Turnu Severin92,617
4%
JapanDaito125,847
2%
Ivory CoastDaloa245,360
2%
MoroccoDar Bouazza151,373
2%
NauruDenigomodu307
2%
PakistanDera Ghazi Khan399,064
2%
IsraelDimona48,763
2%
GhanaDome29,618
2%
SwitzerlandDübendorf29,303
2%
MongoliaDarkhan84,707
1%
North MacedoniaDebar15,650
1%
Czech RepublicDěčín48,594
1%
MalawiDedza30,928
1%
El SalvadorDelgado112,161
1%
BelgiumDendermonde45,870
1%
SurinameDe Nieuwe Grond26,161
1%
LibyaDerna150,000
1%
ItalyDesio41,997
1%
IranDezful264,709
1%
NepalDharan119,915
1%
SomaliaDhuusamareeb91,206
1%
ChileDiego de Almagro7,951
1%
Trinidad and TobagoDiego Martin25,370
1%
ChadDoba49,647
1%
SloveniaDomžale13,204
1%
ColombiaDosquebradas213,500
1%
NigerDosso58,671
1%
DenmarkDragør12,309
1%
GreeceDráma44,823
1%
MoldovaDubăsari25,060
1%
BahamasDundas Town2,890
1%
AngolaDundo177,604
1%
UruguayDurazno34,368
1%
KenyaDadaab235,269
0%
MauritiusDagotière7,444
0%
Dominican RepublicDajabón20,353
0%
SudanDalang59,089
0%
IcelandDalvík1,384
0%
NigeriaDamaturu141,897
0%
BhutanDamphu3,448
0%
BelizeDangriga10,680
0%
OmanDank13,279
0%
HondurasDanlí75,420
0%
ThailandDan Samrong55,488
0%
TogoDapaong69,900
0%
BahrainDar Kulaib65,466
0%
PortugalDarque7,817
0%
Papua New GuineaDaru15,142
0%
Sierra LeoneDaru17,899
0%
AzerbaijanDavaci23,248
0%
MyanmarDawei80,117
0%
Burkina FasoDédougou38,862
0%
Sri LankaDehiwala-Mount Lavinia184,468
0%
EritreaDek'emhare21,675
0%
Central African RepublicDékoa12,447
0%
GuyanaDen Amstel3,249
0%
Saint LuciaDennery3,051
0%
UzbekistanDenov67,500
0%
JordanDer Abi Saeed29,590
0%
KazakhstanDerzhavinsk13,856
0%
PeruDesaguadero7,950
0%
Costa RicaDesamparados208,411
0%
SerbiaDespotovac23,191
0%
MaldivesDhuvaafaru3,016
0%
MaliDialakorodji45,813
0%
D. R. CongoDibaya-Lubue32,368
0%
CubaDiez de Octubre227,293
0%
ArmeniaDilijan17,300
0%
Sao Tome and PrincipeDiogo Vaz632
0%
GambiaDippa Kunda17,654
0%
NicaraguaDiriamba43,017
0%
Republic of the CongoDjambala10,652
0%
MauritaniaDjigueni6,710
0%
BeninDjougou94,773
0%
SwedenDjursholm8,856
0%
Bosnia and HerzegovinaDoboj24,349
0%
MontenegroDobrota8,189
0%
BelarusDobrush18,300
0%
UgandaDokolo23,700
0%
ArgentinaDolores27,400
0%
ComorosDomoni10,073
0%
MozambiqueDondo70,817
0%
MalaysiaDongongan56,673
0%
TunisiaDouar Hicher82,532
0%
TaiwanDouliu108,606
0%
CambodiaDoun Kaev45,446
0%
AfghanistanDowlat Abad12,500
0%
ParaguayDr. Jr. Eulogio Estigarribia15,800
0%
LithuaniaDruskininkai12,065
0%
VenezuelaDuaca31,600
0%
DominicaDublanc423
0%
F. S. MicronesiaDublon3,517
0%
SlovakiaDubnica nad Váhom23,550
0%
GuineaDubréka157,017
0%
IraqDuhok340,871
0%
JamaicaDuncans2,686
0%
KosovoDushanove9,398
0%
GeorgiaDusheti6,700
0%

Score Distribution

Percentile by Number Answered

Percent of People with Each Score

Your Score History

You have not taken this quiz